00686nam a2200217Ia 4500003000400000005001700004008004100021020001800062040001800080041000800098082002300106100001900129245009500148250001200243260004600255300002600301650004900327650003600376650003000412700002600442OSt20260625102017.0210716s2020 xx 000 0 und d a9788126566624 cAIMIT LIBRARY aeng a658.4063 21bSRIR aSrinivasan, R. aWiley innovation black book :benterprise 4.0 /cBy R Srinivasan and Rishikesha Krishnan. a1st ed. aNew Delhi :bWiley India Pvt Ltd ,c2020. a430p. ;bHBc22.3 cm. aDigital strategy and business transformation aDigital functional value chains aGlobal capability centers aKrishnan, Rishikesha.